| 000 | 00487nam a2200205Ia 4500 | ||
|---|---|---|---|
| 003 | OSt | ||
| 005 | 20230504104552.0 | ||
| 008 | 210423s2004 xx 000 0 und d | ||
| 020 | _a8180300587 | ||
| 040 | _cAL | ||
| 041 | _aeng | ||
| 082 | _a581.02 GRER | ||
| 100 |
_aGREWAL (R C). _997520 |
||
| 245 | _aQuestion bank botany. | ||
| 260 |
_aNew Delhi _bCampus Books _c2004 |
||
| 300 |
_av,233 _bPB |
||
| 365 |
_b325 _cINR |
||
| 906 | _abank ; botany. ; Question | ||
| 942 |
_2ddc _cBK |
||
| 999 |
_c163147 _d163147 |
||